Química general

Saved in:
Bibliografiske detaljer
Main Authors: Whitten, Kenneth W (Author), Davis, Raymond E (Author), Peck, M. Larry (Author)
Format: Bog
Sprog:spansk
Udgivet: Madrid McGraw Hill 1998
Udgivelse:3a. ed
Fag:
Tags: Tilføj Tag
Ingen Tags, Vær først til at tagge denne postø!

MARC

LEADER 00000nam a2200000 a 4500
001 UCQ8404
003 CL-VaPUC
005 20241205130333.0
008 981209e19980000SP |||||||||||||||||spa|d
999 |c 277689  |d 277687 
020 |a 8448113861 
040 |c Pontificia Universidad Católica de Valparaíso 
082 0 4 |a 540  |b WHI  |2 21 
100 0 |a Whitten, Kenneth W  |e author  |9 422407 
245 1 0 |a Química general 
250 |a 3a. ed 
260 |a Madrid  |b McGraw Hill  |c 1998 
300 |a 1121 p 
583 |a last modification  |c 19981209 00:00:00  |k Rodrigo Vera 
650 0 |a Química  |x Química nuclear  |x Química orgánica  |9 259896 
650 7 |a Átomos  |2 CL-VaPUC  |9 375382 
650 7 |a Cinética química  |x Gases  |2 CL-VaPUC  |9 373927 
650 0 |a Termodinámica  |9 344389 
650 0 |a Metalurgia  |9 260945 
700 0 |a Davis, Raymond E  |e author  |9 422408 
700 0 |a Peck, M. Larry  |e author  |9 422409 
942 |c BK  |2 ddc 
945 |d 19981209 00:00:00  |a rbrito